United Nations Convention on the Law of the Sea 1982: a commentary

Saved in:
Bibliographic Details
Main Authors: Nandan, Satya N (Author), Rosenne, Shabtai (Author), Grandy, Neal R (Author), Yankov, Alexander (Author), Sohn, Louis B (Author), Lodge, Michael W (Author), Kraska, James (Author)
Other Authors: Nordquist, Myron H. (Editor)
Format: Book
Language:English
Published: Dordrecht Martinus Nijhoff Publishers 1985
Edition:1a. ed
Subjects:
Tags: Add Tag
No Tags, Be the first to tag this record!

MARC

LEADER 00000cam a2200000 a 4500
001 UCE3003
003 CL-VaPUC
008 140814e19850000ne |||||||||||||||||eng|d
020 |a 9024731453 
082 0 4 |a 341.5  |b NOR  |2 21 
100 |a Nordquist, Myron H.  |e editor  |9 575159 
700 0 |a Nandan, Satya N  |e author  |9 575538 
700 0 |a Rosenne, Shabtai  |e author  |9 575539 
700 0 |a Grandy, Neal R  |e author  |9 575540 
700 0 |a Yankov, Alexander  |e author  |9 575541 
700 0 |a Sohn, Louis B  |e author  |9 575542 
700 0 |a Lodge, Michael W  |e author  |9 575543 
700 0 |a Kraska, James  |e author  |9 575544 
245 1 0 |a United Nations Convention on the Law of the Sea 1982: a commentary 
250 |a 1a. ed 
300 |a v 
942 |c BK 
945 |d 20140814 14:58:00  |a dcastane 
260 |a Dordrecht  |b Martinus Nijhoff Publishers  |c 1985 
650 0 |a Derecho marítimo  |9 255301 
650 0 |a Derecho marítimo internacional   |9 352896 
583 |a last modification  |c 20140814 14:58:00  |k Rodrigo Vera 
999 |c 356505  |d 356503 
952 |0 0  |1 0  |3 erd  |4 0  |6 341_500000000000000_NOR_1985  |7 0  |8 A  |9 463905  |a BIBDER  |b BIBDER  |h v.1  |i 5093643  |o 341.5 NOR 1985  |p 5093643  |r 2023-01-25  |w 2019-11-23  |y BK  |z Catalogado en:20140814  |k DER 
952 |0 0  |1 0  |3 erd  |4 0  |6 341_500000000000000_NOR_1985  |7 0  |8 A  |9 463906  |a BIBDER  |b BIBDER  |h v.2  |i 5093651  |o 341.5 NOR 1985  |p 5093651  |r 2023-01-25  |w 2019-11-23  |y BK  |z Catalogado en:20140814  |k DER 
952 |0 0  |1 0  |3 erd  |4 0  |6 341_500000000000000_NOR_1985  |7 0  |8 A  |9 463907  |a BIBDER  |b BIBDER  |h v.3  |i 509366K  |o 341.5 NOR 1985  |p 509366K  |r 2023-01-25  |w 2019-11-23  |y BK  |z Catalogado en:20140814  |k DER 
952 |0 0  |1 0  |3 erd  |4 0  |6 341_500000000000000_NOR_1985  |7 0  |8 A  |9 463908  |a BIBDER  |b BIBDER  |h v.4  |i 5093678  |o 341.5 NOR 1985  |p 5093678  |r 2023-01-25  |w 2019-11-23  |y BK  |z Catalogado en:20140814  |k DER 
952 |0 0  |1 0  |3 erd  |4 0  |6 341_500000000000000_NOR_1985  |7 0  |8 A  |9 463909  |a BIBDER  |b BIBDER  |h v.5  |i 5093686  |o 341.5 NOR 1985  |p 5093686  |r 2023-01-25  |w 2019-11-23  |y BK  |z Catalogado en:20140814  |k DER 
952 |0 0  |1 0  |3 erd  |4 0  |6 341_500000000000000_NOR_1985  |7 0  |8 A  |9 463910  |a BIBDER  |b BIBDER  |h v.6  |i 5093694  |o 341.5 NOR 1985  |p 5093694  |r 2023-01-25  |w 2019-11-23  |y BK  |z Catalogado en:20140814  |k DER 
952 |0 0  |1 0  |3 erd  |4 0  |6 341_500000000000000_NOR_1985  |7 0  |8 A  |9 463911  |a BIBDER  |b BIBDER  |h v.7  |i 5093708  |o 341.5 NOR 1985  |p 5093708  |r 2023-01-25  |w 2019-11-23  |y BK  |z Catalogado en:20140814  |k DER